000 00745nam a22002297a 4500
999 _c11673
_d11673
003 AR-CdUCM
008 190404b ||||| |||| 00| 0 spa d
020 _a978-0-9964694-5-6
040 _aMUNICIPALIDAD PROVINCIAL DEL CUSCO
_cBIBLIOTECA MUNICIPAL DEL CUSCO
082 _aES / 373 /
_bC92
100 _aDe la Cruz, Rey E.
_929154
245 _aRecuerdos de Ballesteros :
_bMi pueblo natal en filipinas /
260 _aEstados Unidos :
_bCarayan Press,
_c2016.
300 _a30 paginas ;
_bilustraciones, graficos, dibujos,
_c28 cm.
500 _aCuentos
650 _aCuentos
_9217
650 _aLiteratura
_983
650 _aEstados unidos
_929155
700 _aMagcase, Tenni
_929156
942 _2ddc
_cLIBROS
945 _apjha
_d2019-04-04